DIGANOSTIC AND STATISTICAL MANUAL OF MENTAL DISORDERS (Record no. 22909)

MARC details
000 -LEADER
fixed length control field 00400nam a22001577a 4500
003 - CONTROL NUMBER IDENTIFIER
control field SGT
020 ## - INTERNATIONAL STANDARD BOOK NUMBER
International Standard Book Number 97881386217967
082 ## - DEWEY DECIMAL CLASSIFICATION NUMBER
Classification number 616.89.75,APA
100 ## - MAIN ENTRY--PERSONAL NAME
Personal name APA (AMERICAN PYCHIATRIC ASSOCIATION
245 ## - TITLE STATEMENT
Title DIGANOSTIC AND STATISTICAL MANUAL OF MENTAL DISORDERS
250 ## - EDITION STATEMENT
Edition statement 5TH ED.
260 ## - PUBLICATION, DISTRIBUTION, ETC. (IMPRINT)
Place of publication, distribution, etc NEW DELHI
Name of publisher, distributor, etc CBS PUBLISHERS
300 ## - PAGE DESCRIPTION
No. of Pages 947
650 ## - SUBJECT ADDED ENTRY--TOPICAL TERM
Topical term or geographic name as entry element PSYCHOLOGY
942 ## - ADDED ENTRY ELEMENTS (KOHA)
Source of classification or shelving scheme Dewey Decimal Classification
Koha item type Books
942 ## - ADDED ENTRY ELEMENTS (KOHA)
-- 38
Holdings
Withdrawn status Lost status Source of classification or shelving scheme Damaged status Not for loan Collection code Home library Current library Shelving location Date acquired Vendor Name Cost, normal purchase price SGTU Bill Number Total Checkouts Full call number Accession No. (Barcode) Checked out Date last seen Date last borrowed Bill Date Koha item type Total Renewals
    Dewey Decimal Classification     ENGINEERING SGT Engineering Library SGT Engineering Library Text Book 22/06/2022 AHUJA BOOK COMPANY PVT.LTD 1995.00 SGTU 14478 29 616.89.75,APA FE8435 12/05/2026 28/04/2026 28/04/2026 19/05/2022 Books  
    Dewey Decimal Classification     ENGINEERING SGT Engineering Library SGT Engineering Library Text Book 22/06/2022 AHUJA BOOK COMPANY PVT.LTD 1995.00 SGTU 14478 51 616.89.75,APA FE8436 16/06/2026 02/06/2026 02/06/2026 19/05/2022 Books 1